000 00517cam a2200169 a 4500
020 _a9780132570534
082 _a624.171
_bHIB
_cN-01, P-89
100 1 _aHibbeler, R. C.
_91019
245 1 0 _aStructural analysis /
_cR.C. Hibbeler.
250 _a5th ed.
260 _aBoston :
_bPrentice Hall Pearson,
_cc2012.
300 _axviii, 600 p. :
_bill. ;
_c24 cm.
500 _aIncludes index.
526 _a0
_b0
_c0
_d624_171000000000000_HIB
650 0 _aStructural analysis (Engineering)
_bNUST
_936260
942 _2ddc
_cBK
999 _c546794
_d546794